000 00717nam a2200181 i 4500
001 124935
003 ES-MaACL
005 20230906192526.0
007 t|
008 070424s1920 sp ||||1| spa d
245 0 0 _aNotas de la Sección técnica acerca del libro de Rafael Coderch titulado, Retiros obreros, destinadas a las coloboraciones del régimen legal de previsión popular.
260 _a[s.l. :
_bs.n.],
_c1920 (
_fSobrinos Sucesores de Minuesa de los Ríos)
300 _a31 p. ;
_c22 cm.
490 1 _aPublicaciones del Instituto Nacional de Previsión ;
_v101
830 0 _aPublicaciones del Instituto Nacional de Previsión ;
_v101
_9181151
852 _aES-MaACL
_jC-12647(5)
999 _c124935
_d124935